| 000 | 01061nam a22002177a 4500 | ||
|---|---|---|---|
| 999 |
_c62363 _d62363 |
||
| 003 | Ge_BSU | ||
| 005 | 20241015134221.0 | ||
| 008 | 241015s1985 ge ||||| |||| 00| 0 geo d | ||
| 041 | _ageo | ||
| 080 | _a633.88(479.22) ხ-52 | ||
| 100 |
_aხიდაშელი, შალვა _923401 |
||
| 245 |
_aსაქართველოს ტყის სამკურნალო მცენარეები / _cშალვა ხიდაშელი; რედ. ო. ბზიკაძე, ვ. მემიაძე. |
||
| 264 |
_aბათუმი : _bსაბჭ. აჭარა, _c1985. |
||
| 300 |
_a351 გვ. : _bილ. ; _c22 სმ. |
||
| 501 | _aსაძიებელი: გვ. 341-345. | ||
| 504 | _aბიბლიოგრ.: გვ. 346-348. | ||
| 520 | _aრეზ. რუს. და ინგლ. | ||
| 653 | _aსაქართველოს სამკურნალო მცენარეები. | ||
| 700 |
_aპაპუნიძე, ვანო _eავტორი _923402 |
||
| 942 |
_2udc _cᲬᲘᲒᲜᲘ |
||